000 00569cam a22002057a 4500
001 3815028
003 ARRUPE
005 20160412094403.0
008 850913s1985 sa 000 0 eng
010 _a 85204570
020 _a0869752413
040 _aDLC
_cDLC
_dDLC
050 0 0 _aMLCS 89/15425 (P)
100 1 _aParenzee, Donald,
_d1948-
_923673
245 1 0 _aDriven to work /
_cDonald Parenzee.
260 _aJohannesburg :
_bRavan Press,
_c1985.
300 _a69 p. ;
_c21 cm.
906 _a7
_bcbc
_corignew
_du
_encip
_f19
_gy-gencatlg
942 _2lcc
_cMONOGRAPH
999 _c124563
_d124563